000 01702nam0a22003131 4500
001 rc\4377416
005 20260407071619.0
021 _aRU
_b[58-7455ж]
035 _a(NLR Aleph) 008545806
090 _a8375533
_c8375533
100 _a20130416d1958 |||y0rusy50 ca
101 0 _arus
102 _aRU
105 _aa z |||||
200 1 _aВопросы управления, оплаты труда и организации территории в целинном совхозе "Краснодарский" Алтайского края
_e(Из опыта работы опорного пункта ВНИЭСХ)
_f[Под ред. канд. экон. наук Н.И. Анисимова]
210 _aМосква
_cИзд-во М-ва сельского хозяйства РСФСР
_d1958
215 _a44 с.
_cчерт.
_d21
225 1 _aВсесоюзный научно-исследовательский институт экономики сельского хозяйства. Материалы научно-исследовательских работ
_vВып. 19
333 _aНа правах рукописи
606 _aСовхозы
_xЗаработная плата
_yАлтайский край
_2psbo
606 _aЗемлеустройство в совхозах
_yАлтайский край
_2psbo
606 _aСовхозы
_xУправление
_yАлтайский край
_2psbo
702 1 _4340
_7ca
_8rus
_aАнисимов
_bН.И.
_cд-р экон. наук
_gНиколай Ильич
_3RU\NLR\AUTH\770282348
_92671150
801 0 _aRU
_bNLR
_gpsbo
801 1 _aRU
_bELAR
_2rusmarc
852 _aNLR
_jП13/774
942 _cBOOK
980 _aNB